000 00371nam a2200145Ia 4500
008 151213s9999 xx 000 0 und d
100 _aE.M.Forster
245 _aLionel Trilling
_cE.M.Forster
260 _aLondon
_bThe Hagarth Press
_c1959
300 _a8386 p.
650 _aEnglish Literature
650 _aEnglish Literature
700 _aE.M.Forster
999 _c4224
_d4224